Kości człowieka na schemacie - Statystyki

Ogólne statystyki
  • Ten quiz został rozwiązany 629 razy
  • Średni wynik to 23 z 34
Odpowiedzi na mapie
Odpowiedzi zakodowano w zielono-czerwonej skali na mapie do tego quizu, zgodnie z poniższymi procentami.
 
Statystyki odpowiedzi
Szkielet osiowy Kości (bądź grupa kości) % Poprawnych
Klatka piersiowa Żebra
93%
Klatka piersiowa Mostek
89%
Kości kończyny dolnej Udowa
88%
Miednica Miedniczna
87%
Twarzoczaszka Żuchwa
85%
Kości kończyny górnej Obojczyk
83%
Kości kończyny górnej Łopatki
81%
Kości kończyny dolnej Piszczelowa
81%
Mózgoczaszka Czołowa
80%
Mózgoczaszka Potyliczna
79%
Kości kończyny górnej Ramienna
75%
Kości kończyny dolnej Strzałkowa
75%
Kręgosłup Guziczna
73%
Twarzoczaszka Nosowa
73%
Kości kończyny dolnej Rzepka
73%
Kości kończyny górnej Kości {Palców} {dłoni}
72%
Mózgoczaszka Skroniowa
72%
Kości kończyny dolnej Kości {Palców} {stopy}
71%
Kręgosłup Odcinek {Lędźwiowy}
69%
Twarzoczaszka Szczęka
69%
Kręgosłup Odcinek {Szyjny}
68%
Mózgoczaszka Ciemieniowa
67%
Kości kończyny dolnej Kości {Śródstopia}
67%
Kości kończyny górnej Promieniowa
67%
Kości kończyny górnej Kości {Nadgarstka}
66%
Kości kończyny górnej Łokciowa
66%
Kości kończyny górnej Kości {Śródręcza}
58%
Kręgosłup Odcinek {Piersiowy}
58%
Kręgosłup Krzyżowa
57%
Twarzoczaszka Jarzmowa
49%
Mózgoczaszka Klinowa
47%
Kości kończyny dolnej Kości {Stępu}
39%
Twarzoczaszka Łzowa
34%
Mózgoczaszka Sitowa
29%
Nie znaleziono quizów pasujących do podanych kryteriów
Rozkład punktacji
Procent ludzi z każdym wynikiem
Percentyl według liczby udzielonych odpowiedzi
Twoja historia wyników
Nie rozwiązałeś tego quizu